|
|
|
|
| LEADER |
00000cam a22000004a 4500 |
| 001 |
musev2_7475 |
| 003 |
MdBmJHUP |
| 005 |
20230905040847.0 |
| 006 |
m o d |
| 007 |
cr||||||||nn|n |
| 008 |
090122s2009 pau o 00 0 eng d |
| 010 |
|
|
|z 2009000901
|
| 020 |
|
|
|a 9780271073699
|
| 035 |
|
|
|a (OCoLC)779851048
|
| 040 |
|
|
|a MdBmJHUP
|c MdBmJHUP
|
| 050 |
0 |
4 |
|a Q180.55.M67
|b B76 2009
|
| 082 |
0 |
|
|a 174/.95
|2 22
|
| 100 |
1 |
|
|a Brown, Theodore L.
|q (Theodore Lawrence),
|d 1928-
|
| 245 |
1 |
0 |
|a Imperfect Oracle :
|b The Epistemic and Moral Authority of Science /
|c Theodore L. Brown.
|
| 264 |
|
1 |
|a University Park, Pa. :
|b Pennsylvania State University Press,
|c 2009.
|
| 264 |
|
3 |
|a Baltimore, Md. :
|b Project MUSE,
|c 2012
|
| 264 |
|
4 |
|c ©2009.
|
| 300 |
|
|
|a 1 online resource (352 pages).
|
| 336 |
|
|
|a text
|b txt
|2 rdacontent
|
| 337 |
|
|
|a computer
|b c
|2 rdamedia
|
| 338 |
|
|
|a online resource
|b cr
|2 rdacarrier
|
| 504 |
|
|
|a Includes bibliographical references and index.
|
| 505 |
0 |
|
|a Authority and autonomy -- Historical origins of scientific authority -- American science -- Scientific authority in contemporary society -- Science and the courts -- Science and religion -- Science and government -- Science and the public -- The prospects for scientific authority.
|
| 520 |
|
|
|a "Explores the relationships between science and other societal sectors, notably law, religion, government and public culture, in terms of the concepts of expert and moral authority"--Provided by publisher.
|
| 588 |
|
|
|a Description based on print version record.
|
| 650 |
|
0 |
|a Science
|x Social aspects.
|
| 650 |
|
0 |
|a Science
|x Moral and ethical aspects.
|
| 655 |
|
7 |
|a Electronic books.
|2 local
|
| 710 |
2 |
|
|a Project Muse.
|e distributor
|
| 830 |
|
0 |
|a Book collections on Project MUSE.
|
| 856 |
4 |
0 |
|z Texto completo
|u https://projectmuse.uam.elogim.com/book/7475/
|
| 945 |
|
|
|a Project MUSE - Custom Collection
|
| 945 |
|
|
|a Project MUSE - Archive Complete Foundation
|
| 945 |
|
|
|a Project MUSE - Archive Philosophy and Religion Foundation
|